April 4th: Birthdays - Statistics

General Stats
  • This quiz has been taken 16 times
  • The average score is 3 of 14
Answer Stats
Year Clue Answer % Correct
1965 Actor in Iron Man/Avengers Robert Downey Jr.
73%
1979 Actor in The Dark Knight Heath Ledger
67%
1932 Actor in Pyscho Anthony Perkins
47%
1973 Magician and Illusionist David Blaine
47%
1928 Wrote I Know Why the Caged Bird Sings Maya Angelou
47%
1884 Led Pearl Harbor attack Isoroku Yamamoto
20%
1963 Irish TV Presenter Graham Norton
13%
1991 Actress in Zoey 101 Jamie Lynn Spears
13%
1913 Made Hoochie Coochie Man Muddy Waters
7%
1979 Actress in Orange is the New Black Natasha Lyonne
7%
188 Roman Emperor Caracalla
0%
1802 Created the first American mental asylums Dorothea Dix
0%
1924 Won the Golden Glove in 1957/1959 Gil Hodges
0%
1888 Hit more doubles than Pete Rose Tris Speaker
0%
No matching quizzes found
Score Distribution
Percent of People with Each Score
Percentile by Number Answered
Your Score History
You have not taken this quiz